| 000 | 00441cam a2200169ua 4500 | ||
|---|---|---|---|
| 020 | _c1.00 | ||
| 041 |
_amal _h |
||
| 082 |
_a894.8124 _bVAS/PR |
||
| 100 | _aVasudevan moosad, K . | ||
| 245 |
_aPrabandha Bhooshanam / _cK.Vasudevan moosad. _hTextual Documents |
||
| 260 |
_aThrissur : _bSaraswathi printing and publishing house , _c1952. |
||
| 300 | _a66 ; . | ||
| 365 | _a1.00 | ||
| 504 | _a | ||
| 942 | _cBK | ||
| 999 |
_c1154 _d1154 |
||